| 000 | 00911cam a22002773a 4500 | ||
|---|---|---|---|
| 001 | 14446 | ||
| 003 | PGUSA | ||
| 005 | 20140828083317.0 | ||
| 008 | 041224s2004||||xxu|||||s|||||000 | eng d | ||
| 040 |
_aPGUSA _beng |
||
| 042 | _adc | ||
| 050 | 4 | _aJ | |
| 100 | 1 |
_aMcKinley, William, _d1843-1901 |
|
| 245 | 1 | 2 |
_aA Supplement to A Compilation of the Messages and Papers of the Presidents _h[electronic resource] / _cWilliam McKinley |
| 260 |
_bProject Gutenberg, _c2004 |
||
| 506 | _aPublic domain in the USA. | ||
| 516 | _aElectronic text | ||
| 653 | _aPresidents -- United States | ||
| 653 | _aUnited States -- Politics and government | ||
| 653 | _aUnited States -- History -- Sources | ||
| 653 | _aMcKinley, William, 1843-1901 | ||
| 700 | 1 |
_aRichardson, James D. _q(James Daniel), _d1843-1914 |
|
| 830 | 0 |
_aProject Gutenberg _v14446 |
|
| 856 | 4 | 0 | _uhttp://www.gutenberg.org/ebooks/14446 |
| 942 | _cEB | ||
| 999 |
_c243701 _d243701 |
||